Diploma in digital applications, book 3 (Record no. 40218)

MARC details
000 -LEADER
fixed length control field 00760nam a2200205 a 4500
008 - FIXED-LENGTH DATA ELEMENTS--GENERAL INFORMATION
fixed length control field 090514s2006 ||||||||||||||||| || u
020 ## - INTERNATIONAL STANDARD BOOK NUMBER
International Standard Book Number 0435449842
050 ## - LIBRARY OF CONGRESS CALL NUMBER
Classification number TK 7868.D5 Wis
100 ## - MAIN ENTRY--PERSONAL NAME
Personal name Wischhusen, Molly
245 10 - TITLE STATEMENT
Title Diploma in digital applications, book 3
Statement of responsibility, etc. Molly Wischhusen, Janet Snell and Jenny Johnson
260 ## - PUBLICATION, DISTRIBUTION, ETC.
Place of publication, distribution, etc. Oxford
Name of publisher, distributor, etc. Heinemann
Date of publication, distribution, etc. 2006
300 ## - PHYSICAL DESCRIPTION
Extent ix, 172p.: ill.
350 ## - PRICE (NR) (BK AM CF MU VM SE) [OBSOLETE]
Price 0.00
650 #0 - SUBJECT ADDED ENTRY--TOPICAL TERM
Topical term or geographic name entry element DIGITAL ELECTRONICS
650 ## - SUBJECT ADDED ENTRY--TOPICAL TERM
Topical term or geographic name entry element INFORMATION TECHNOLOGY--STUDY AND TEACHING
650 #0 - SUBJECT ADDED ENTRY--TOPICAL TERM
Topical term or geographic name entry element ELECTRONICS
700 ## - ADDED ENTRY--PERSONAL NAME
Personal name Snell, Janet
700 ## - ADDED ENTRY--PERSONAL NAME
Personal name Johnson, Jenny
995 ## - RECOMMENDATION 995 [LOCAL, UNIMARC FRANCE]
-- 0.00
-- CBU-MAIN LIBRARY (Kitwe)
-- 1
-- 0.00
-- 1
-- AVAILABLE
-- May 14, 2009
-- Main Library Open Access Collection
Holdings
Withdrawn status Lost status Source of classification or shelving scheme Damaged status Not for loan Home library Current library Shelving location Date acquired Total Checkouts Full call number Barcode Date last seen Price effective from Koha item type
          CBU-MAIN LIBRARY, KITWE. CBU-MAIN LIBRARY, KITWE.   11/30/2022   TK 7868.D5 Wis 739887 11/30/2022 11/30/2022 MONOGRAPH